Partes del cuerpo - ¡Muerte súbita! #1 - Estadísticas

Estadísticas generales
  • Esta prueba ha sido intentada 4.469 veces
  • La puntuación promedio es 14 de 20
Answers on the Grid
Answers color-coded by a green-red scale on the quiz's grid according to % correct below.
Aorta
Botsuana
Bronquio
Canino
Cornea
Craneo
Duodeno
Durián
Elohé
Epidermis
Esófago
Gluteus maximus
Haumea
Hipocampo
Isósceles
Mostaza
Neurona
Nuez de Adán
Ovario
Páncreas
Pelvis
Pistillo
Pleito
Sepsis
Surco nasolabial
Tiroides
Triceps
Vacuola
Vasos capilares
Vértebras
 
Estadísticas de respuestas
Respuesta % Correcto
Aorta
93%
Craneo
88%
Ovario
87%
Esófago
86%
Cornea
85%
Bronquio
82%
Epidermis
82%
Pelvis
80%
Neurona
79%
Páncreas
79%
Triceps
72%
Vértebras
69%
Vasos capilares
67%
Tiroides
66%
Duodeno
61%
Canino
60%
Surco nasolabial
57%
Nuez de Adán
56%
Hipocampo
50%
Gluteus maximus
41%
No se encontraron pruebas coincidentes
Distribución de puntuación
Porcentaje de gente con cada puntuación
Porcentaje por número respondido
Historial de tus puntuaciones
No has intentado esta prueba.